LIBRARY & INFORMATION CENTRE, KCAET, TAVANUR

ONLINE PUBLIC ACCESS CATALOGUE (OPAC)

Natakam-Oru Patanam / (Record no. 3804)

MARC details
000 -LEADER
fixed length control field 00477cam a2200181ua 4500
041 ## - LANGUAGE CODE
Language code of text/sound track or separate title mal
082 ## - DEWEY DECIMAL CLASSIFICATION NUMBER
Classification number 894.8125
Item number CJS/NA
100 ## - MAIN ENTRY--AUTHOR NAME
Personal name CJ, Smaraka Prasanga Samithi .
245 ## - TITLE STATEMENT
Title Natakam-Oru Patanam /
250 ## - EDITION STATEMENT
Edition statement 1 /
260 ## - PUBLICATION, DISTRIBUTION, ETC. (IMPRINT)
Place of publication Kuthattukulam :
Name of publisher C J Smaraka Prasanga Samithi ,
Year of publication 1962.
300 ## - PHYSICAL DESCRIPTION
Number of Pages 168 ; .
942 ## - ADDED ENTRY ELEMENTS (KOHA)
Koha item type Books
Holdings
Withdrawn status Lost status Damaged status Home library Current library Date acquired Full call number Accession Number Koha item type
Withdrawn     KAUAET Malayalam University 07/04/2012 894.8125 4633 Books
free website counter